[Event "Regionalliga NW 1617"]
[Site "Bayern"]
[Date "2017.03.19"]
[Round "7.6"]
[White "Weck, Hans"]
[Black "Lindner, Helmut"]
[Result "1-0"]
[WhiteElo "1940"]
[BlackElo "1696"]
[PlyCount "109"]
[EventDate "2016.10.16"]
[EventType "team-tourn"]
[EventRounds "9"]
[EventCountry "GER"]
[SourceTitle "EXT 2019"]
[Source "ChessBase"]
[SourceDate "2018.10.10"]
[SourceVersion "1"]
[SourceVersionDate "2018.10.10"]
[SourceQuality "1"]
[WhiteTeam "Bad Neustadt"]
[BlackTeam "Prichsenstadt"]
[WhiteTeamCountry "GER"]
[BlackTeamCountry "GER"]

1. Nf3 Nf6 2. g3 d5 3. Bg2 c5 4. d3 Nc6 5. 0-0 e6 6. Na3 Be7 7. c4 0-0 8. Bf4 a6 9. Nc2 Re8 10. Qe1 Bd6 11. Bg5 h6 12. Bd2 b5 13. e4 Qc7 14. Qe2 bxc4 15. Nfe1 cxd3 16. Nxd3 Nxe4 17. Bxe4 dxe4 18. Qxe4 Bb7 19. Qg4 Kh7 20. Be3 Ne5 21. Nxe5 Bxe5 22. Rab1 Qc6 23. f3 Red8 24. b3 Rd3 25. Qh5 Bd4 26. Bxd4 cxd4 27. Nb4 Qc3 28. Nxd3 Qxd3 29. Qxf7 Bd5 30. Qf4 Qc2 31. Qxd4 Rf8 32. Rbc1 Qxa2 33. Rc7 Rg8 34. b4 Qe2 35. Rf2 Qe1+ 36. Kg2 Ba8 37. Qd3+ Kh8 38. Qc3 Qd1 39. Rc8 Qd5 40. Rc5 Qd1 41. Rh5 Kh7 42. Qc2+ Qxc2 43. Rxc2 Rf8 44. Rc3 Kg6 45. Rhc5 Bd5 46. Ra3 Rf6 47. Kf2 Rf7 48. f4 Bb7 49. Rac3 Bd5 50. Rc7 Rf6 51. R3c5 Be4 52. Ke3 Bg2 53. Ra7 Bf1 54. Rcc7 Rf5 55. Rxg7+ 1-0

[Event "Regionalliga NW 1617"]
[Site "Bayern"]
[Date "2017.02.05"]
[Round "5.7"]
[White "Lindner, Helmut"]
[Black "Gaertner, Marc"]
[Result "0-1"]
[WhiteElo "1696"]
[BlackElo "1719"]
[PlyCount "88"]
[EventDate "2016.10.16"]
[EventType "team-tourn"]
[EventRounds "9"]
[EventCountry "GER"]
[SourceTitle "EXT 2019"]
[Source "ChessBase"]
[SourceDate "2018.10.10"]
[SourceVersion "1"]
[SourceVersionDate "2018.10.10"]
[SourceQuality "1"]
[WhiteTeam "Prichsenstadt"]
[BlackTeam "Weidhausen"]
[WhiteTeamCountry "GER"]
[BlackTeamCountry "GER"]

1. e4 Nc6 2. Nc3 e6 3. Nf3 Bb4 4. a3 Bxc3 5. bxc3 d6 6. d4 Nf6 7. Bd3 e5 8. h3 0-0 9. 0-0 h6 10. Bb2 Nh7 11. Re1 Ng5 12. Re3 Bd7 13. Nxg5 hxg5 14. Rg3 Na5 15. Qd2 f6 16. Rd1 Be6 17. Be2 Qe8 18. d5 Bd7 19. Rb1 b6 20. Ba1 Nb7 21. Bg4 Nc5 22. Qe2 Kf7 23. h4 Ke7 24. hxg5 f5 25. exf5 Bxf5 26. Rb4 a5 27. Rb1 g6 28. f4 e4 29. c4 Nd7 30. Bxf5 gxf5 31. Kf2 Rg8 32. Rh1 Nf8 33. Rh6 Ng6 34. Ke3 Kd7 35. Rgh3 Kc8 36. Rh7 Kb7 37. R3h6 Qa4 38. Bb2 Raf8 39. g3 Kb8 40. Qh5 Qxc2 41. Bg7 Qd3+ 42. Kf2 e3+ 43. Ke1 Qd2+ 44. Kf1 Qf2# 0-1

[Event "Regionalliga NW 1617"]
[Site "Bayern"]
[Date "2016.10.16"]
[Round "1.5"]
[White "Link, Robert"]
[Black "Lindner, Helmut"]
[Result "1/2-1/2"]
[WhiteElo "1914"]
[BlackElo "1696"]
[PlyCount "81"]
[EventDate "2016.10.16"]
[EventType "team-tourn"]
[EventRounds "9"]
[EventCountry "GER"]
[SourceTitle "EXT 2019"]
[Source "ChessBase"]
[SourceDate "2018.10.10"]
[SourceVersion "1"]
[SourceVersionDate "2018.10.10"]
[SourceQuality "1"]
[WhiteTeam "Klingenberg/Main"]
[BlackTeam "Prichsenstadt"]
[WhiteTeamCountry "GER"]
[BlackTeamCountry "GER"]

1. e4 d5 2. exd5 Qxd5 3. Nc3 Qa5 4. d4 c6 5. Bd3 Nf6 6. Nge2 Bf5 7. b4 Qxb4 8. Bxf5 e6 9. Bd3 Qa5 10. Bd2 Qc7 11. 0-0 Bd6 12. h3 h6 13. f4 Nbd7 14. f5 0-0-0 15. fxe6 fxe6 16. Bf4 e5 17. dxe5 Nxe5 18. Bf5+ Kb8 19. Qc1 g6 20. Be4 g5 21. Bxg5 hxg5 22. Rxf6 Bc5+ 23. Kh1 Ng4 24. Rf4 gxf4 25. Bf3 Be3 26. Qb2 Qd7 27. Ne4 Nf2+ 28. Nxf2 Bxf2 29. Nxf4 Qf5 30. Rb1 b6 31. Qc3 c5 32. Qc4 Rd7 33. Qb5 Rh6 34. Nh5 Rc7 35. Bg4 Qf7 36. Qe2 Bd4 37. Rf1 Qe7 38. Qf3 a6 39. Qd5 Rd6 40. Qf3 Rd8 41. Ng3 1/2-1/2

[Event "Sachsen-Anhalt-ch Seniors 24th"]
[Site "Halberstadt"]
[Date "2016.06.03"]
[Round "6"]
[White "Lindner, Helmut"]
[Black "Just, Joachim"]
[Result "0-1"]
[WhiteElo "1729"]
[BlackElo "1926"]
[PlyCount "73"]
[EventDate "2016.05.29"]
[EventType "swiss"]
[EventRounds "7"]
[EventCountry "GER"]
[SourceTitle "EXT 2019"]
[Source "ChessBase"]
[SourceDate "2018.10.10"]
[SourceVersion "1"]
[SourceVersionDate "2018.10.10"]
[SourceQuality "1"]

1. e4 g6 2. d4 Bg7 3. Bc4 c6 4. c3 d5 5. exd5 cxd5 6. Bd3 Nf6 7. Nf3 Nc6 8. Bf4 Bg4 9. h3 Bxf3 10. Qxf3 Qb6 11. Qe2 0-0 12. 0-0 Rac8 13. Qc2 Rfe8 14. Be3 Nb4 15. Qd2 Nxd3 16. Qxd3 Qxb2 17. Nd2 Qxc3 18. Qb5 Qc6 19. Qb3 b6 20. Nf3 Nd7 21. Rfe1 e6 22. Qa3 Bf8 23. Qb2 Qc2 24. Qb5 Qc6 25. Qb2 Bd6 26. Bc1 b5 27. Qd2 Qc3 28. Qh6 Bf8 29. Qh4 Qxa1 30. Bh6 Qc3 31. Bxf8 Nxf8 32. Re3 Qc1+ 33. Kh2 Qc7+ 34. Kh1 Qe7 35. Ng5 f6 36. Nf3 b4 37. g4 0-1

[Event "Regionalliga NW 1415"]
[Site "Bayern"]
[Date "2015.04.12"]
[Round "9.8"]
[White "Moenius, Alexander"]
[Black "Lindner, Helmut"]
[Result "1-0"]
[WhiteElo "1850"]
[BlackElo "1732"]
[PlyCount "99"]
[EventDate "2014.10.19"]
[EventType "team-tourn"]
[EventRounds "9"]
[EventCountry "GER"]
[SourceTitle "EXT 2018"]
[Source "ChessBase"]
[SourceDate "2017.10.13"]
[SourceVersion "1"]
[SourceVersionDate "2017.10.13"]
[SourceQuality "1"]
[WhiteTeam "Hoechstadt/Aisch"]
[BlackTeam "Prichsenstadt"]
[WhiteTeamCountry "GER"]
[BlackTeamCountry "GER"]

1. Nf3 Nc6 2. d4 d5 3. c4 e6 4. Nc3 Nf6 5. Bf4 a6 6. e3 Be7 7. h3 0-0 8. Be2 h6 9. 0-0 Bd6 10. Bxd6 Qxd6 11. c5 Qe7 12. Rb1 Bd7 13. b4 Rfb8 14. b5 axb5 15. Bxb5 b6 16. Bxc6 Bxc6 17. Ne5 Qe8 18. cxb6 cxb6 19. Rb4 Rb7 20. Qe2 Rab8 21. Rfb1 Qc8 22. R1b3 Nd7 23. Nxc6 Qxc6 24. Qb2 f6 25. Rb5 Kf7 26. Na4 Qd6 27. Nc5 bxc5 28. Rxb7 Rxb7 29. Rxb7 c4 30. Qb5 Ke7 31. Kf1 e5 32. a4 exd4 33. exd4 c3 34. Rxd7+ Qxd7 35. Qxd7+ Kxd7 36. Ke2 Kc6 37. Kd3 Kb6 38. Kxc3 Ka5 39. Kb3 f5 40. f4 g6 41. h4 h5 42. g3 Ka6 43. Kb4 Kb6 44. a5+ Kc7 45. Kb5 Kb7 46. a6+ Ka7 47. Ka5 Ka8 48. Kb6 Kb8 49. a7+ Ka8 50. Ka6 1-0

[Event "Unterfranken-ch HB 63th"]
[Site "Schweinfurt"]
[Date "2012.04.14"]
[Round "9"]
[White "Lindner, Helmut"]
[Black "Stegnar, Roland"]
[Result "0-1"]
[WhiteElo "1497"]
[BlackElo "1305"]
[PlyCount "54"]
[EventDate "2012.04.09"]
[EventType "swiss"]
[EventRounds "9"]
[EventCountry "GER"]
[SourceTitle "EXT 2015"]
[Source "ChessBase"]
[SourceDate "2014.11.20"]
[SourceVersion "1"]
[SourceVersionDate "2014.11.20"]
[SourceQuality "1"]

1. e4 e5 2. Nf3 Nf6 3. Nc3 Nc6 4. Bc4 h6 5. d3 a6 6. Be3 b5 7. Bb3 Bb7 8. a3 d6 9. Nh4 Nxe4 10. Bxf7+ Kxf7 11. Qh5+ Kg8 12. Nxe4 d5 13. Nc5 Bxc5 14. Bxc5 Qg5 15. Qxg5 hxg5 16. Nf5 Re8 17. 0-0 Bc8 18. Ng3 Ne7 19. Rfe1 Nf5 20. Ne2 g4 21. Nc3 c6 22. a4 Re6 23. axb5 Rh5 24. bxa6 Reh6 25. f3 gxf3 26. a7 Rxh2 27. a8Q Rxg2+ 0-1

[Event "Unterfranken-ch HB 63th"]
[Site "Schweinfurt"]
[Date "2012.04.09"]
[Round "1"]
[White "Lehmann, Andreas1111"]
[Black "Lindner, Helmut"]
[Result "0-1"]
[WhiteElo "953"]
[BlackElo "1497"]
[PlyCount "138"]
[EventDate "2012.04.09"]
[EventType "swiss"]
[EventRounds "9"]
[EventCountry "GER"]
[SourceTitle "EXT 2015"]
[Source "ChessBase"]
[SourceDate "2014.11.20"]
[SourceVersion "1"]
[SourceVersionDate "2014.11.20"]
[SourceQuality "1"]

1. e4 d5 2. exd5 Qxd5 3. Qf3 Nf6 4. Nc3 Qxf3 5. Nxf3 Bf5 6. Nd4 Bg6 7. Be2 a6 8. d3 Nbd7 9. Bf3 c6 10. Be3 e6 11. 0-0-0 Bd6 12. g4 Nd5 13. Nxd5 cxd5 14. h4 h5 15. gxh5 Bxh5 16. Bxh5 Rxh5 17. f4 0-0-0 18. Rdg1 g6 19. Rg5 Rdh8 20. Ne2 Rxh4 21. Rxh4 Rxh4 22. c4 Rh3 23. Rg3 Rxg3 24. Nxg3 d4 25. Ne4 Bc7 26. Bxd4 Bxf4+ 27. Kc2 f5 28. Nd2 g5 29. Nf1 g4 30. Be3 Bxe3 31. Nxe3 Nf6 32. d4 Kd7 33. Kd3 f4 34. Ng2 f3 35. Nf4 g3 36. Ke3 f2 37. Ke2 Ne4 38. Ng2 Kd6 39. Ne3 b6 40. Kf3 Nd2+ 41. Kxg3 f1Q 42. Nxf1 Nxf1+ 43. Kf2 Nd2 44. b3 Ne4+ 45. Ke3 Ng5 46. Kf4 Nf7 47. Ke4 Nd8 48. a4 Nc6 49. d5 Na5 50. dxe6 Kxe6 51. Kd3 Nxb3 52. Kc3 Nc5 53. Kb4 Nd3+ 54. Kb3 Kd6 55. a5 Kc6 56. Ka4 Nc5+ 57. Kb4 Nb7 58. axb6 Kxb6 59. Ka4 Kc5 60. Kb3 Nd6 61. Ka4 Nxc4 62. Kb3 Kb5 63. Ka2 Ka4 64. Kb1 Ka3 65. Kc2 a5 66. Kc3 Nb2 67. Kc2 Ka2 68. Kc3 a4 69. Kc2 a3 0-1

[Event "Unterfranken-ch HB 56th"]
[Site "Stetten"]
[Date "2005.03.31"]
[Round "7"]
[White "Hoffmann, Klaus"]
[Black "Lindner, Helmut"]
[Result "1-0"]
[WhiteElo "1648"]
[BlackElo "1589"]
[PlyCount "67"]
[EventDate "2005.03.28"]
[EventType "swiss"]
[EventRounds "9"]
[EventCountry "GER"]
[SourceTitle "EXT 2015"]
[Source "ChessBase"]
[SourceDate "2014.11.20"]
[SourceVersion "1"]
[SourceVersionDate "2014.11.20"]
[SourceQuality "1"]

1. e4 b6 2. d4 Bb7 3. Nc3 e6 4. Nf3 Bb4 5. Bd3 Nf6 6. Qe2 h6 7. a3 Bxc3+ 8. bxc3 d6 9. c4 0-0 10. Bb2 d5 11. cxd5 exd5 12. e5 Re8 13. 0-0 c5 14. c3 Bc8 15. Nd2 c4 16. Bb1 Nh7 17. f4 Nc6 18. Qh5 Rf8 19. Nf3 Ne7 20. Nh4 f5 21. g4 fxg4 22. f5 Qe8 23. Qxg4 Qf7 24. Bc2 Ng5 25. a4 Rb8 26. Ba3 Re8 27. e6 Qf6 28. Bd6 Rb7 29. Be5 Qf8 30. Ng6 Nxg6 31. fxg6 Qe7 32. Rf7 Bxe6 33. Rxe7 Rbxe7 34. Bf5 1-0

[Event "Unterfranken-ch HB 56th"]
[Site "Stetten"]
[Date "2005.03.30"]
[Round "5"]
[White "Oeser, Armin"]
[Black "Lindner, Helmut"]
[Result "1-0"]
[WhiteElo "1742"]
[BlackElo "1589"]
[PlyCount "35"]
[EventDate "2005.03.28"]
[EventType "swiss"]
[EventRounds "9"]
[EventCountry "GER"]
[SourceTitle "EXT 2015"]
[Source "ChessBase"]
[SourceDate "2014.11.20"]
[SourceVersion "1"]
[SourceVersionDate "2014.11.20"]
[SourceQuality "1"]

1. e4 e5 2. Nf3 Nc6 3. Bc4 Bc5 4. c3 h6 5. b4 Bb6 6. b5 Na5 7. Nxe5 Bxf2+ 8. Kxf2 Qf6+ 9. Qf3 Qxe5 10. Qxf7+ Kd8 11. Qf8+ Qe8 12. Qxg7 Ne7 13. Be2 Rg8 14. Qxh6 Qf7+ 15. Bf3 d6 16. Rf1 Rf8 17. Kg1 Nc4 18. Be2 1-0

[Event "Unterfranken-ch HB 53th"]
[Site "Wuerzburg"]
[Date "2002.??.??"]
[Round "7"]
[White "Lindner, Helmut"]
[Black "Drewes, Thomas"]
[Result "0-1"]
[WhiteElo "1555"]
[BlackElo "1798"]
[PlyCount "44"]
[EventDate "2002.04.01"]
[EventType "swiss"]
[EventRounds "9"]
[EventCountry "GER"]
[SourceTitle "EXT 2015"]
[Source "ChessBase"]
[SourceDate "2014.11.20"]
[SourceVersion "1"]
[SourceVersionDate "2014.11.20"]
[SourceQuality "1"]

1. e4 d5 2. exd5 Qxd5 3. Nc3 Qa5 4. Nf3 Nf6 5. d4 c6 6. Bd2 Bf5 7. Bc4 Qc7 8. Nh4 Bg6 9. Nxg6 hxg6 10. Qf3 e6 11. Bf4 Bd6 12. Ne2 Nbd7 13. Bxd6 Qxd6 14. h3 0-0-0 15. 0-0-0 Nb6 16. Bb3 Rh5 17. g4 Ra5 18. Qc3 Rb5 19. Rd3 Nbd5 20. Bxd5 Qxd5 21. Qa3 Ra5 22. Nc3 Qxh1+ 0-1

[Event "Unterfranken-ch HB 53th"]
[Site "Wuerzburg"]
[Date "2002.??.??"]
[Round "8"]
[White "Lindner, Helmut"]
[Black "Heerlein, Gerd"]
[Result "1/2-1/2"]
[WhiteElo "1555"]
[BlackElo "1755"]
[PlyCount "81"]
[EventDate "2002.04.01"]
[EventType "swiss"]
[EventRounds "9"]
[EventCountry "GER"]
[SourceTitle "EXT 2015"]
[Source "ChessBase"]
[SourceDate "2014.11.20"]
[SourceVersion "1"]
[SourceVersionDate "2014.11.20"]
[SourceQuality "1"]

1. e4 d6 2. d4 Nf6 3. Nc3 g6 4. Bc4 Bg7 5. Nge2 0-0 6. 0-0 Nc6 7. Be3 Ng4 8. Qd2 Nxe3 9. Qxe3 e5 10. d5 Nd4 11. Qd2 Nxe2+ 12. Bxe2 f5 13. exf5 gxf5 14. f3 c5 15. Nd1 Kh8 16. c4 Bd7 17. Bd3 Qf6 18. Nc3 Rg8 19. Ne2 Bh6 20. Qc2 Rg7 21. Ng3 Rag8 22. Rf2 Be3 23. Raf1 Qg5 24. Kh1 Bxf2 25. Rxf2 Rf8 26. Bf1 h5 27. Ne2 f4 28. g3 fxg3 29. hxg3 Bf5 30. Qc3 Qg6 31. Rh2 Kg8 32. Bh3 Bxh3 33. Rxh3 Qf5 34. Ng1 Rf6 35. Kg2 Rfg6 36. Ne2 Qf6 37. Rxh5 Rh6 38. Rxh6 Qxh6 39. Kf2 Rh7 40. Ke1 Qh1+ 41. Kd2 1/2-1/2